Khí cụ điện
Cuốn sách bao gồm những nội dung chính sau: Cơ sở lý thuyết khí cụ điện; Khí cụ điện hạ áp; Khí cụ điện cao áp
Bewaard in:
| Hoofdauteur: | |
|---|---|
| Formaat: | Boek |
| Taal: | Undetermined |
| Gepubliceerd in: |
Hà Nội
Khoa học và Kỹ thuật
2008
|
| Onderwerpen: | |
| Tags: |
Voeg label toe
Geen labels, Wees de eerste die dit record labelt!
|
| Thư viện lưu trữ: | Trung tâm Học liệu Trường Đại học Cần Thơ |
|---|
| LEADER | 00926nam a2200229Ia 4500 | ||
|---|---|---|---|
| 001 | CTU_140626 | ||
| 008 | 210402s9999 xx 000 0 und d | ||
| 020 | |c 76000 | ||
| 082 | |a 621.31 | ||
| 082 | |b Ch462 | ||
| 100 | |a Phạm, Văn Chới | ||
| 245 | 0 | |a Khí cụ điện | |
| 245 | 0 | |c Phạm Văn Chới, Bùi Tín Hữu, Nguyễn Tiến Tôn | |
| 260 | |a Hà Nội | ||
| 260 | |b Khoa học và Kỹ thuật | ||
| 260 | |c 2008 | ||
| 520 | |a Cuốn sách bao gồm những nội dung chính sau: Cơ sở lý thuyết khí cụ điện; Khí cụ điện hạ áp; Khí cụ điện cao áp | ||
| 526 | |a Trang bị điện trong máy công nghiệp,Điện công nghiệp | ||
| 526 | |b CN399,CN442 | ||
| 650 | |a Electric apparatus and appliances,Khí cụ điện | ||
| 904 | |i Duy Bằng | ||
| 980 | |a Trung tâm Học liệu Trường Đại học Cần Thơ | ||